LEADER 01798oam 2200529 450 001 9910706771303321 005 20180910080312.0 035 $a(CKB)5470000002457743 035 $a(OCoLC)1017991488 035 $a(EXLCZ)995470000002457743 100 $a20180105d2017 ua 0 101 0 $aeng 135 $aurbn||||||||| 181 $ctxt$2rdacontent 182 $cc$2rdamedia 183 $acr$2rdacarrier 200 10$aU.S. policy toward Lebanon $ehearing before the Subcommittee on the Middle East and North Africa of the Committee on Foreign Affairs, House of Representatives, One Hundred Fifteenth Congress, first session, October 11, 2017 210 1$aWashington :$cU.S. Government Publishing Office,$d2017. 215 $a1 online resource (iii, 50 pages) 300 $aPrint version is available for sale by the Superintendent of Documents, U.S. Government Publishing Office. 300 $a"Serial No. 115-83." 517 $aU.S. policy toward Lebanon 606 $aNational security$zLebanon 606 $aRefugees$zLebanon 606 $aHumanitarian assistance, American$zLebanon 606 $aEconomic assistance, American$zLebanon 607 $aUnited States$xForeign relations$zLebanon 607 $aLebanon$xForeign relations$zUnited States 608 $aLegislative hearings.$2lcgft 615 0$aNational security 615 0$aRefugees 615 0$aHumanitarian assistance, American 615 0$aEconomic assistance, American 801 0$bGPO 801 1$bGPO 801 2$bGPO 801 2$bMERUC 801 2$bOCLCF 801 2$bLWA 801 2$bGPO 801 2$bUOK 801 2$bOCLCA 801 2$bGPO 906 $aBOOK 912 $a9910706771303321 996 $aU.S. policy toward Lebanon$93446780 997 $aUNINA